|
|
|
|
| LEADER |
00000nam a22000007a 4500 |
| 005 |
20220801235051.0 |
| 007 |
cr|||| |||| |
| 008 |
220801s2021 br |||||s|||| 00||0 por d |
| 020 |
|
|
|a 9786589351696
|
| 035 |
|
|
|a 36786
|
| 040 |
|
|
|a vLex
|
| 090 |
|
|
|c 13668
|d 13668
|
| 100 |
1 |
|
|a Rodrigues, Ellen
|
| 245 |
1 |
1 |
|a A escalada da violn̊cia em juiz de fora
|h [Recurso electrn̤ico] :
|b desenvolvimento, urbanizaȯ̂ e violn̊cia, do Impřio s̉ primeiras dčadas do sčulo XXI /
|c Ellen Rodrigues
|
| 256 |
|
|
|a Servicio en ln̕ea
|
| 260 |
|
|
|a Rio de Janeiro:
|b Editora Processo,
|c 2021
|
| 300 |
|
|
|a 1 recurso electrn̤ico
|
| 500 |
|
|
|a O presente estudo prope̳ refletir sobre a dita escalada da violn̊cia vivenciada no municp̕io de Juiz de Fora desde o ano de 2011. Para tanto, oferece-se uma visô contra-hegemn̥ica quanto aos discursos alarmistas em relaȯ̂ ̉questô criminal no municp̕io, relacionando a violn̊cia a uma sřie de desdobramentos decorrentes do processo de crescimento econm̥ico e urbanizaȯ̂ da cidade na transiȯ̂ do sčulo XIX para o XX. Ademais, no intuito de contribuir para os debates crt̕icos sobre o tema, faz-se uma anl̀ise histr̤ica, a partir de um aporte criminolg̤ico-crt̕ico, das consequn̊cias da falta de polt̕icas sociais integradas para o crescimento do municp̕io, de modo a perceber os reflexos decorrentes de tal processo na vida social e na seguranȧ pb︢lica na atualidade.
|
| 506 |
1 |
|
|a Disponible solo en los productos indicados
|d vLex Global
|d vLex Global (Academic Edition, excluding Law Schools)
|d vLex Global (U.S. Academic Edition, Law Schools)
|d vLex Global (U.S. Academic Edition, excluding Law Schools)
|d vLex Global (Academic Edition, Law Schools)
|
| 650 |
0 |
4 |
|a Urbanismo
|z Brasil
|
| 740 |
0 |
|
|a vLex Libros (Servicio en ln̕ea)
|
| 856 |
4 |
0 |
|u https://app.vlex.com/#/sources/36786
|z Acceso restringido
|
| 942 |
|
|
|c BOOK
|
| 999 |
0 |
|
|a Town planning
|